| 000 | 00574nam a2200181Ia 4500 | ||
|---|---|---|---|
| 003 | SISC | ||
| 005 | 20181204071001.0 | ||
| 008 | 181126s9999 xx 000 0 und d | ||
| 020 | _a9789715380212 | ||
| 050 |
_aDS 675.8 .P47 _b.K14 2011 |
||
| 100 | _aKalaw, Teodoro M. | ||
| 245 |
_cTeodoro M. Kalaw _aAn Acceptable holocaust: _blife and death of a boy-general/ |
||
| 260 |
_aManila : _bNational Historical Commission of the Philippines _c2011 |
||
| 300 |
_axii, 108 pages : _billustrated ; _c23 cm. |
||
| 650 | _adel Pilar, Gregorio | ||
| 942 |
_2lcc _cBK |
||
| 999 |
_c359484 _d359484 |
||